000
00324nam a22001457a 4500
008
230605b ||||| |||| 00| 0 eng d
020
_a
9780321706690
041
_a
eng
080
_2
VOLUME 2
_a
159.9
082
_a
159.9WOL
100
_a
25
101
_a
PSI
245
_a
UNIVERSITY PHYSICS
_c
WOLFSON.R
942
_2
udc
_c
BK
999
_c
59912
_d
59912